Enrique Ferri: aspectos de su personalidad, síntesis y comentario de su obra.
Gardado en:
| Autor Principal: | |
|---|---|
| Formato: | Libro |
| Idioma: | Lingua castelá |
| Publicado: |
Buenos Aires, Argentina
EDIAR
1947
|
| Subjects: | |
| Tags: |
Engadir etiqueta
Sen Etiquetas, Sexa o primeiro en etiquetar este rexistro!
|
MARC
| LEADER | 00000nam a2200000 a 4500 | ||
|---|---|---|---|
| 001 | UCS0136 | ||
| 003 | CL-VaPUC | ||
| 005 | 20230112145820.0 | ||
| 008 | 970418e19470000AG |||||||||||||||||spa|d | ||
| 999 | |c 258381 |d 258379 | ||
| 040 | |c Pontificia Universidad Católica de Valparaíso | ||
| 082 | 0 | 4 | |a 922.43 GOM 1947 |2 21 |
| 100 | |a Gómez, Eusebio |9 383435 | ||
| 245 | 1 | 0 | |a Enrique Ferri: aspectos de su personalidad, síntesis y comentario de su obra. |
| 260 | 0 | 3 | |a Buenos Aires, Argentina |b EDIAR |c 1947 |
| 300 | |a 301 páginas. | ||
| 583 | |a last modification |c 19970418 00:00:00 |k Rodrigo Vera | ||
| 650 | 0 | |a Abogados |9 256284 | |
| 650 | 7 | |a DERECHO |2 CL-VaPUC |9 383275 | |
| 650 | 0 | |a Criminología |9 256168 | |
| 650 | 0 | |a Sociología |9 255410 | |
| 650 | 7 | |a DERECHO PENAL |2 CL-VaPUC |9 11 | |
| 650 | 0 | |a Crímenes |9 225419 | |
| 942 | |c BK |2 ddc | ||
| 945 | |d 19970418 00:00:00 |a paguirre | ||
| 952 | |0 0 |1 0 |2 ddc |4 0 |6 922_430000000000000_GOM_1947 |7 0 |8 P |9 282439 |a BIBDER |b BIBDER |d 2019-11-19 |i 1830813 |o 922.43 GOM 1947 |p 1830813 |r 2023-01-25 |t 1 |w 2019-11-19 |y BK |k DER | ||